College Towns- Massachusetts - Statistics

General Stats
  • This quiz has been taken 148 times
  • The average score is 9 of 10
Answer Stats
... is located in... Town % Correct
Boston University Boston
98%
Northeastern University Boston
98%
University of Massachusetts ____ Boston
98%
Harvard University Cambridge
96%
Massachusetts Institute of Technology Cambridge
96%
University of Massachusetts ____ Amherst
94%
University of Massachusetts ____ Lowell
90%
University of Massachusetts ____ Dartmouth
80%
University of Massachusetts Medical School Worcester
66%
Tufts University Medford
64%
No matching quizzes found
Score Distribution
Percent of People with Each Score
Percentile by Number Answered
Your Score History
You have not taken this quiz